Abbey falls estate kamanabillu mattu antaranga (Record no. 134409)
[ view plain ]
| 000 -LEADER | |
|---|---|
| fixed length control field | 00801nam a2200253Ia 4500 |
| 003 - CONTROL NUMBER IDENTIFIER | |
| control field | OSt |
| 005 - DATE AND TIME OF LATEST TRANSACTION | |
| control field | 20251117094815.0 |
| 008 - FIXED-LENGTH DATA ELEMENTS--GENERAL INFORMATION | |
| fixed length control field | 210210b2007 xxu||||| |||| 00| 0 eng d |
| 040 ## - CATALOGING SOURCE | |
| Transcribing agency | AL |
| 041 ## - LANGUAGE CODE | |
| Language code of text/sound track or separate title | Kannada |
| 082 ## - DEWEY DECIMAL CLASSIFICATION NUMBER | |
| Classification number | K894.301 USHA |
| 100 ## - MAIN ENTRY--PERSONAL NAME | |
| Personal name | USHA PRASAD |
| Dates associated with a name | ಉಷಾ ಪ್ರಸಾದ್ |
| 9 (RLIN) | 159808 |
| 245 ## - TITLE STATEMENT | |
| Title | Abbey falls estate kamanabillu mattu antaranga |
| Remainder of title | ಅಬ್ಬೆಫಾಲ್ಸ್ ಎಸ್ಟೇಟ್ ಕಾಮನಬಿಲ್ಲು ಮತ್ತು ಅಂತರಂಗ |
| 260 ## - PUBLICATION, DISTRIBUTION, ETC. | |
| Place of publication, distribution, etc. | Bengaluru |
| Name of publisher, distributor, etc. | Not Mentioned |
| Date of publication, distribution, etc. | 2007 |
| 300 ## - PHYSICAL DESCRIPTION | |
| Extent | 223 |
| 650 ## - SUBJECT ADDED ENTRY--TOPICAL TERM | |
| Topical term or geographic name entry element | mattu |
| 9 (RLIN) | 159809 |
| 650 ## - SUBJECT ADDED ENTRY--TOPICAL TERM | |
| Topical term or geographic name entry element | kamanabillu |
| 9 (RLIN) | 159810 |
| 650 ## - SUBJECT ADDED ENTRY--TOPICAL TERM | |
| Topical term or geographic name entry element | estate |
| 9 (RLIN) | 159811 |
| 650 ## - SUBJECT ADDED ENTRY--TOPICAL TERM | |
| Topical term or geographic name entry element | antaranga |
| 9 (RLIN) | 159812 |
| 650 ## - SUBJECT ADDED ENTRY--TOPICAL TERM | |
| Topical term or geographic name entry element | Abbefals |
| 9 (RLIN) | 159813 |
| 690 ## - LOCAL SUBJECT ADDED ENTRY--TOPICAL TERM (OCLC, RLIN) | |
| Topical term or geographic name as entry element | Kannada Fiction |
| 9 (RLIN) | 159814 |
| 906 ## - LOCAL DATA ELEMENT F, LDF (RLIN) | |
| a | 063133 |
| 942 ## - ADDED ENTRY ELEMENTS (KOHA) | |
| Source of classification or shelving scheme | Dewey Decimal Classification |
| Koha item type | Book |
| Withdrawn status | Lost status | Damaged status | Not for loan | Collection code | Home library | Current library | Shelving location | Date acquired | Source of acquisition | Cost, normal purchase price | Total Checkouts | Full call number | Barcode | Date last seen | Date last checked out | Price effective from | Koha item type |
|---|---|---|---|---|---|---|---|---|---|---|---|---|---|---|---|---|---|
| St Aloysius Library | St Aloysius Library | 02/17/2021 | Athree Book Centre,Mangalore | 90.00 | 2 | K894.301 USHA | 063133 | 01/02/2026 | 12/18/2025 | 02/17/2021 | Book |